Statistics for The Game Awards - Game of the Year Winners

Click here to take the quiz!

General Stats

  • This quiz has been taken 10 times
  • The average score is 4 of 5

Answer Stats

Year Winner % Correct
2015The Witcher 3: Wild Hunt
100%
2018God of War
88%
2016Overwatch
88%
2017The Legend of Zelda: Breath of the Wild
88%
2014Dragon Age: Inquisition
75%

Score Distribution

Percentile by Number Answered

Percent of People with Each Score

Your Score History

You have not taken this quiz